000 00759nam a2200265Ia 4500
003 OSt
005 20220918204016.0
006 a|||||r|||| 00| 0
007 ta
008 220917b |||||||| |||| 00| 0 eng d
024 _a110,607
037 _cTextual
040 _aARTS
_cARTS
_beng
041 _2eng
_aeng
082 _aV491.N8<-N2, M6
100 _aSengupta Bhabani
245 0 _aAfghanistan
_b Politics economics and society revolution resistance intervetion
260 _aLondon
_bRrances Printe
_c1986
300 _axxii, 206p.
_ccm.
490 _aMarxist regimes series
500 _aBibliography p195-200
650 _aHISTORY
942 _hV491.N8<-N2, M6
_cTEXL
_2CC
999 _c233957
_d233957